| 000 | 00817nam a22002295i 4500 | ||
|---|---|---|---|
| 001 | 68442 | ||
| 003 | ES-MaACL | ||
| 005 | 20250805062546.0 | ||
| 007 | t| | ||
| 008 | 961128s1863 sp ||||1| spa d | ||
| 040 |
_aCLM _bspa _cCCPB | SIC |
||
| 100 | 1 |
_aGarcía Ruiz, Eugenio. _955237 |
|
| 245 | 1 | 0 |
_aDios y el hombre / _cpor Eugenio García Ruiz. |
| 260 |
_aMadrid : _b[s.n.], _c1863 ( _fImprenta de J. Antonio Ortigosa) |
||
| 300 |
_a478 p. ; _c22 cm. |
||
| 530 | _aDisponible en formato digital. | ||
| 650 | 7 |
_aAntropología teológica _2embne _9143894 |
|
| 650 | 4 |
_aPolítica- _xFilosofía _916274 |
|
| 852 |
_aES-MaACL _jG-8890 |
||
| 856 |
_uhttp://bibliotecadigitalhispanica.bne.es:80/webclient/DeliveryManager?pid=3424924&custom_att_2=simple_viewer _zBiblioteca Digital Hispánica |
||
| 999 |
_c68442 _d68442 |
||